[Event "Murmansk ChessMates 4th"]
[Site "Murmansk"]
[Date "2020.03.13"]
[Round "1.2"]
[White "Iarovoi, Dmitrii"]
[Black "Poliato, Irina"]
[Result "1-0"]
[WhiteElo "1346"]
[BlackElo "1588"]
[PlyCount "125"]
[EventDate "2020.03.13"]
[EventType "team-tourn"]
[EventRounds "5"]
[EventCountry "RUS"]
[SourceTitle "CBM 195 Extra"]
[Source "ChessBase"]
[SourceDate "2020.05.31"]
[SourceVersion "1"]
[SourceVersionDate "2020.05.31"]
[SourceQuality "1"]
[WhiteTeam "Ireland Youth"]
[BlackTeam "Murmansk CF"]
[WhiteTeamCountry "IRL"]
[BlackTeamCountry "RUS"]

1. Nf3 d5 2. d4 Nf6 3. c4 e6 4. Bg5 Be7 5. Nc3 0-0 6. e3 h6 7. Bh4 b6 8. cxd5 exd5 9. Bd3 Be6 10. Rc1 c5 11. 0-0 Qc7 12. Bg3 Qb7 13. Qe2 c4 14. Bb1 b5 15. e4 b4 16. exd5 Nxd5 17. Nxd5 Bxd5 18. Rfe1 Bxf3 19. gxf3 f5 20. Qxe7 Qxf3 21. Qe2 Qxe2 22. Rxe2 Nd7 23. Bd6 Rf6 24. Bxb4 Nb6 25. Re5 g6 26. Rce1 Rf7 27. d5 Rd7 28. d6 Rad8 29. Re7 Nd5 30. Rxd7 Rxd7 31. Bc5 Kf7 32. Bc2 Rb7 33. Re5 Nf4 34. Re7+ Rxe7 35. dxe7 Nd5 36. Ba4 Nxe7 37. Bxe7 Kxe7 38. Bb5 Kd6 39. Bxc4 Kc5 40. Bf7 g5 41. Kg2 Kd4 42. Kf3 a5 43. Bg6 Ke5 44. a3 Kd4 45. Bxf5 Kc4 46. Be6+ Kd3 47. b4 axb4 48. axb4 Kd4 49. Kg4 Ke5 50. Kh5 Kxe6 51. Kxh6 g4 52. Kg5 Kd5 53. Kxg4 Kc4 54. h4 Kxb4 55. h5 Kc4 56. h6 Kd3 57. h7 Ke2 58. h8Q Kxf2 59. Qe5 Kg2 60. Qe3 Kh1 61. Qe2 Kg1 62. Kg3 Kh1 63. Qf1# 1-0